00870nam a2200241 a 450000100060000000300080000600500170001400800410003103500200007204000270009204100080011908200250012710000190015224501760017126000490034730000250039650000180042165000340043965000300047365100540050370000210055785600500057850696BD-RjUL20211209075541.0160828s1965 enk 1 0 eng d a(BD-RjUL) 50816 aNUNbengcNUNdBD-RjUL aeng04a371.96223bJAE 196510aJackson, Brian10aEducation and the working class :bsome general themes raised by a study of 88 working-class children in a northern industrial city /cby Brian Jackson and Dennis Marsden. aLondon :bRoutledge,c1962 [impression 1965] aix, 268 p. ;c24 cm. ainclude index 0aWorking classzGreat Britain. 0aEducationzGreat Britain. 0aGreat BritainxEconomic conditionsy20th century.1 aMarsden, Dennis. 3Reports of the Institute of Community Studies